| 000 | 00406pab a2200157 454500 | ||
|---|---|---|---|
| 008 | 180718b2013 xxu||||| |||| 00| 0 eng d | ||
| 100 | _aTillin, Louise | ||
| 245 | _aVarieties of state capital relations in India | ||
| 260 | _c2013 | ||
| 300 | _ap.19-22. | ||
| 362 | _a28 Sep | ||
| 650 | _aEconomic and social development | ||
| 773 | _aEconomic and Political Weekly | ||
| 908 | _aN | ||
| 909 | _a101676 | ||
| 999 |
_c101674 _d101674 |
||